00684nam a22001695i 4500001000700000003000900007005001700016008004100033040002000074100001400094245005500108260004600163300002600209650004800235752003100283852020000314163314ES-MaACL20250806052101.0050718s1782 xxk | |||||||| ||spa d aCAM bspa cCAM1 aRenny, G.12aA treatise on the veneral disease / cby G. Renny. aLondon : bprinted for J. Murray, c1782. aXV, 171 p. ; c21 cm. 7aEnfermedades de transmisión sexual2embne aGran Bretaña - dLondres aES-MaACLjR-1403 z-- Enc. hol. z-- Regalado al Ateneo de Madrid por la disuelta sociedad "Escolares médicos" "(firma)... " zDonativo del socio Dr. Jose M. de Aleos? x Olim: G-13030